| 000 | 02023nam0a2200325 4500 | ||
|---|---|---|---|
| 001 | RU\NLR\BIBL_A\011670184 | ||
| 005 | 20180417115226.0 | ||
| 021 |
_aRU _bКН-П-18-014472 _9КН-П-18-1042 |
||
| 035 | _a(NLR Aleph) 011670184 | ||
| 035 | _a(RuMoRGB)009557152 | ||
| 090 |
_a11231800 _c11231801 |
||
| 100 | _a20180403d2016 u y0rusy50 ca | ||
| 101 | 0 | _arus | |
| 102 | _aRU | ||
| 105 | _aa|||z|||000zy | ||
| 200 | 1 |
_aАнтикризисное управление _eучебное пособие _e[для подготовки бакалавров] _fВ.Г. Плужников, С.А. Шикина _gпод редакцией В.Г. Мохова _gМинистерство образования и науки Российской Федерации, Южно-Уральский государственный университет, Кафедра "Экономика и управление на предприятиях сферы услуг, рекреации и туризм" |
|
| 210 |
_aЧелябинск _cИздательский центр ЮУрГУ _d2016 |
||
| 215 |
_a111, [1] с. _cил., табл. _d20 |
||
| 320 | _aБиблиогр. в конце гл. | ||
| 606 | 1 |
_aАнтикризисное управление _jУчебные издания для высших учебных заведений _yРоссийская Федерация _92123510 _3RU\NLR\AUTH\661281993 |
|
| 606 | 1 |
_aПредприятия _jУчебные издания для высших учебных заведений _xАнтикризисное управление _yРоссийская Федерация _92121656 _3RU\NLR\AUTH\661281082 |
|
| 686 |
_aУ9(2)21я73-1 _2rubbk |
||
| 686 | 1 | _aУ21(2)91я73 | |
| 686 | 1 | _aУ21(2)я73 | |
| 700 | 1 |
_aПлужников _bВ. Г. _gВладимир Германович |
|
| 701 | 1 |
_aШикина _bС. А. _gСветлана Артуровна |
|
| 942 | _cBOOK | ||
| 980 | _aNB | ||